00950nam a22001697a 4500008004100000020001800041082002500059100004400084245006700128260008700195300002500282505025800307650004400565653012500609700002400734700002200758160601b xxu||||| |||| 00| 0 eng d a9789968530286 a704.949.306.9bM743m aMonge, Maria José ; Molina, Priscila  aLa ineludible Muerte cMonge, Maria José ; Molina, Priscila  aSan José, Costa Rica bFundación Museos del Banco Central de Costa Rica c2015 a150 pagbillc28 cm  tPresentaciónt¿Por qué una exhibición acerca de la muerte?tRecordatorios de Muerte tBuena Muerte/ Mala Muerte tEl "aquí" y el "más allá"tEl "aquí"tEl "más allá"tVencer la muerte tLo ambiguo de la muerte tEpilogo tBibliografia aMuseos del Banco Central de Costa Rica  aArte- MuerteaArte Costarricense aArqueología Costarricense aAntropologia Costarricense aMuerte en Arte- Costa Rica aMonge, Maria José aMolina, Priscila